Nation state by accident: the politicization of ethnic groups and the ethnicization of politics:Bosnia, India, Pakistan (Record no. 4906)

MARC details
000 -LEADER
fixed length control field 00689nam a2200205Ia 4500
020 ## - INTERNATIONAL STANDARD BOOK NUMBER
ISBN 81-7304-624-7
082 ## - DEWEY DECIMAL CLASSIFICATION NUMBER
Classification number 305.8 WIE-N
100 ## - MAIN ENTRY--AUTHOR NAME
Personal name Wieland, Carsten
245 #0 - TITLE STATEMENT
Title Nation state by accident: the politicization of ethnic groups and the ethnicization of politics:Bosnia, India, Pakistan
260 ## - PUBLICATION, DISTRIBUTION, ETC. (IMPRINT)
Place of publication New Delhi
Name of publisher Manohar Publishers
Year of publication 2006
300 ## - PHYSICAL DESCRIPTION
Number of Pages 455
504 ## - BIBLIOGRAPHY, ETC. NOTE
Bibliography, etc includes appendix, bibliography and index
650 ## - SUBJECT ADDED ENTRY--TOPICAL TERM
Topical Term Ethnicity
Form subdivision Political aspects
650 ## - SUBJECT ADDED ENTRY--TOPICAL TERM
Topical Term Nationalism
650 ## - SUBJECT ADDED ENTRY--TOPICAL TERM
Topical Term Minorities
Form subdivision Political activity
650 ## - SUBJECT ADDED ENTRY--TOPICAL TERM
Topical Term Bosnia and Herzegovina
Form subdivision Ethnic relations
650 ## - SUBJECT ADDED ENTRY--TOPICAL TERM
Topical Term India
Form subdivision Ethnic relations
650 ## - SUBJECT ADDED ENTRY--TOPICAL TERM
Topical Term Pakistan
Form subdivision Ethnic relations
942 ## - ADDED ENTRY ELEMENTS (KOHA)
Koha item type Books
Holdings
Withdrawn status Lost status Damaged status Not for loan Home library Current library Date acquired Source of acquisition Bill Date Full call number Accession Number Price effective from Koha item type
        NASSDOC Library NASSDOC Library 24/03/2006 GOVIND 2006-03-06 305.8 WIE-N 41653 18/04/2019 Books